| 000 | 00669nam a22002297a 4500 | ||
|---|---|---|---|
| 999 |
_c3760 _d3760 |
||
| 003 | AR-CdUCM | ||
| 008 | 190307b ||||| |||| 00| 0 spa d | ||
| 040 |
_aMUNICIPALIDAD PROVINCIAL DEL CUSCO _cBIBLIOTECA MUNICIPAL DEL CUSCO |
||
| 041 | _heng | ||
| 082 |
_22ed. _a828 / _bW67 |
||
| 100 |
_aWilde, Oscar _91401 |
||
| 245 | _aEl retrato de Dorian Gray / | ||
| 260 |
_aMéxico D.F. : _bDiana, _c1957. |
||
| 300 |
_a275 paginas ; _c20 cm. |
||
| 505 | _aNovela Inglesa | ||
| 650 |
_aNovela Inglesa _9365 |
||
| 650 |
_aLiteratura Americana _912159 |
||
| 650 |
_aNovelas fantásticas. _910878 |
||
| 700 |
_aBaeza, Ricardo _911013 |
||
| 942 |
_2ddc _cLIBROS |
||
| 945 | _awnts | ||